000
00264nam a22001217a 4500
082
_a
823
_b
UNK/D
100
_a
UNKNOWN
245
_a
DRAMAS FOR YOUTH AND CHILDREN
260
_a
BOMBAY
_b
PAULINE
_c
1998
300
_a
132
650
_a
ENGLISH STORY
_z
INDIA
942
_c
BK
999
_c
7594
_d
7594